000 00667nam a2200217 4500
003 OSt
005 20240621061838.0
006 a
008 240621b |||||||| |||| 00| 0 eng d
020 _a9781567933567
040 _aDWCL-HMN lib.
_cOC
082 _aCirc. 610.285 T431s 2010
100 _aThielst, Christina Beach
245 _aSocial media in healthcare : connect, communicate, collaborate /
260 _aChicago :
_bHealth Administration Press,
_cc2010
300 _b85 p. : ill. ;
_c28 cm.
504 _aIncludes bibliographical references.
650 _a1. Social media
650 _a2. Medical informatics I.
942 _2ddc
_n0
_cBK-CIRC
_kCirc.
999 _c1071
_d1071